000 00338nam a2200133Ia 4500
008 151213s9999 xx 000 0 und d
100 _aWill Hutton
245 _aA Declaration of Interdependence
_cWill Hutton
260 _aLondon
_bW. W. Norton
_c2003
300 _a1994 p.
650 _aReference
700 _aWill Hutton
999 _c1460
_d1460